Mother goddess Caṇḍī : (Record no. 1848363)

MARC details
000 -LEADER
fixed length control field 00585nam a2200205 a 4500
003 - CONTROL NUMBER IDENTIFIER
control field OSt
005 - DATE AND TIME OF LATEST TRANSACTION
control field 20260422102856.0
008 - FIXED-LENGTH DATA ELEMENTS--GENERAL INFORMATION
fixed length control field 930521s1993 ii abf b 001 0 eng
020 ## - INTERNATIONAL STANDARD BOOK NUMBER
International Standard Book Number 8185094608
040 ## - CATALOGING SOURCE
Transcribing agency HDL
Language of cataloging ENG
082 00 - DEWEY DECIMAL CLASSIFICATION NUMBER
Classification number 282.5113 N3
100 1# - MAIN ENTRY--PERSONAL NAME
Personal name Manna, Sibendu,
9 (RLIN) 1235337
245 10 - TITLE STATEMENT
Title Mother goddess Caṇḍī :
Remainder of title its socio ritual impact on the folk life /
Statement of responsibility, etc. Sibendu Manna.
250 ## - EDITION STATEMENT
Edition statement 1st ed.
260 ## - PUBLICATION, DISTRIBUTION, ETC.
Place of publication, distribution, etc. Calcutta :
Name of publisher, distributor, etc. Punthi Pustak,
Date of publication, distribution, etc. 1993.
300 ## - PHYSICAL DESCRIPTION
Extent xvi, 279p.
651 #0 - SUBJECT ADDED ENTRY--GEOGRAPHIC NAME
Geographic name West Bengal (India)
9 (RLIN) 1235338
942 ## - ADDED ENTRY ELEMENTS (KOHA)
Source of classification or shelving scheme Colon Classification (CC)
Koha item type Textual
Suppress in OPAC No
Holdings
Withdrawn status Lost status Source of classification or shelving scheme Damaged status Not for loan Home library Current library Date acquired Total Checkouts Date last seen Price effective from Koha item type
    Colon Classification (CC)     Department of History Library Department of History Library 2026-04-22   2026-04-22 2026-04-22 Textual
Copyright @ Delhi University Library System